000 00418nam a22001697a 4500
005 20260413162454.0
008 160625b xxu||||| |||| 00| 0 eng d
020 _a81-7293-565-X
041 _aeng
082 _a891.443
100 _aBibhutibhushan Bandopadhyay
_98993
245 _aMeghe Malkar (Bangla short story)
260 _bMitra and Ghosh
300 _a124
650 _aBengali fiction
_98968
942 _cBK
999 _c4092
_d4091